BSOP header

明白神旨意 Knowing God's will : (Record no. 17496)

MARC details
000 -LEADER
fixed length control field 00619nam a2200157 4500
008 - FIXED-LENGTH DATA ELEMENTS--GENERAL INFORMATION
fixed length control field 030606s2002 ch chi
020 ## - INTERNATIONAL STANDARD BOOK NUMBER
International Standard Book Number 9575877233
090 ## - LOCALLY ASSIGNED LC-TYPE CALL NUMBER (OCLC); LOCAL CALL NUMBER (OCLC)
Classification number (OCLC) (R) ; Classification number, CALL (RLIN) (NR) BS4509.C5
Local cutter number (OCLC) ; Book number/undivided call number, CALL (RLIN) Sm6
-- 2002
100 1# - MAIN ENTRY--PERSONAL NAME
Personal name 史密斯 Smith, M. Blaine
245 10 - TITLE STATEMENT
Title 明白神旨意 Knowing God's will :
Remainder of title finding guidance for personal decision {ch} /
Statement of responsibility, etc 史密斯 M. Blaine Smith.
260 ## - PUBLICATION, DISTRIBUTION, ETC. (IMPRINT)
Place of publication, distribution, etc Taipei :
Name of publisher, distributor, etc 校園書房出版社 Campus Evangelical Fellowship,
Date of publication, distribution, etc c2002.
300 ## - PHYSICAL DESCRIPTION
Extent 347 p.
650 #4 - SUBJECT ADDED ENTRY--TOPICAL TERM
Topical term or geographic name as entry element God
General subdivision Will{ch}.
650 #4 - SUBJECT ADDED ENTRY--TOPICAL TERM
Topical term or geographic name as entry element 生命造就 Christian life{ch}.
951 ## - EQUIVALENCE OR CROSS-REFERENCE-GEOGRAPHIC NAME/AREA NAME [OBSOLETE] [CAN/MARC only]
General subdivision 00026614
951 ## - EQUIVALENCE OR CROSS-REFERENCE-GEOGRAPHIC NAME/AREA NAME [OBSOLETE] [CAN/MARC only]
-- C-4468
-- BS4509.C5/Sm6/2002
-- 070613111237515
-- 2000-12-21
-- CH
Holdings
Withdrawn status Lost status Damaged status Not for loan Home library Current library Shelving location Date acquired Accession number Shelving control number Total Checkouts Full call number Barcode Date last seen Price effective from Koha item type
        BSOP Library BSOP Library Chinese Books (General Circulation) 12/21/2000 C-4468 127   BS4509.C5/Sm6/2002 00026614 02/23/2013 02/23/2013 Books
BSOP

Biblical Seminary of the Philippines
  All rights Reserved
  © 2024

CONTACT INFORMATION

Biblical Seminary of the Philippines,
  77-B Karuhatan Road, Valenzuela City,
  PHILIPPINES 1441
  Phone: +632 8292-6795 / 8292-6798
  Fax : +632 8292-6675
  Email: library@bsop.edu.ph